Una Década de planificación urbano - regional en México 1978 - 1988 /

Enregistré dans:
Détails bibliographiques
Auteur principal: Garza, Gustavo
Autres auteurs: comp
Format: Texte
Publié: México, D.F.: Talleres de Servicios Gráficos de Comunicaciones
Tags: Ajouter un tag
Pas de tags, Soyez le premier à ajouter un tag!

MARC

LEADER 00000 a a2200000 04500
001 22180
003
040
090 |a 150300  
100 |a Garza, Gustavo  
245 |a Una Década de planificación urbano - regional en México 1978 - 1988 /  |c Gustavo Garza 
260 |a México, D.F.:   |b Talleres de Servicios Gráficos de Comunicaciones  
300 |a 484 p   |b **no definido**  
700 |a comp  
999 |c 1205  |d 1205